[Event "ESP-ch"]
[Site "ESP"]
[Date "1989.??.??"]
[Round "6"]
[White "Pablo Marin, Alejandro"]
[Black "Anguix Garrido, Juan Francisco"]
[Result "1-0"]
[WhiteElo "2390"]
[BlackElo "2405"]

1.e4 c5 2.Nc3 Nc6 3.Nge2 g6 4.d4 cxd4 5.Nxd4 Bg7 6.Be3 d6 7.Bc4 Nf6 8.h3 O-O
9.O-O Qa5 10.Bb3 Bd7 11.Re1 Rfc8 12.f4 Qd8 13.e5 dxe5 14.Nxc6 Bxc6 15.fxe5 Ne4
16.Qxd8+ Rxd8 17.Nxe4 Bxe4 18.Bg5 Bc6 19.Re2 Re8 20.Rf1 e6 21.Ref2 h6 22.Be3 Re7
23.Bd4 Rd7 24.c3 b6 25.Bc2 Rc8 26.a4 b5 27.axb5 Bxb5 28.Ra1 Rcc7 29.Ra5 a6
30.Ba4 Rd5 31.Bxb5 axb5 32.Ra8+ Kh7 33.Re2 b4 34.Rb8 bxc3 35.bxc3 h5 36.Kf2 g5
37.Kf3 Kg6 38.g4 h4 39.Ke4 Rc4 40.Kd3  1-0

[Event "Forli op"]
[Site "Forli"]
[Date "1989.??.??"]
[Round "5"]
[White "Djuric, Stefan"]
[Black "Vaisser, Anatoli"]
[Result "1-0"]
[WhiteElo "2475"]
[BlackElo "2525"]

1.e4 c5 2.Nc3 Nc6 3.Nf3 e6 4.g3 d5 5.exd5 exd5 6.d4 Bg4 7.Be2 Nf6 8.Bg5 Be7
9.dxc5 O-O 10.O-O Bxc5 11.Bxf6 Qxf6 12.Qxd5 Bb6 13.Qg5 Qxg5 14.Nxg5 Bxe2
15.Nxe2 Rfe8 16.Nf4 Nd4 17.c4 Ne2+ 18.Nxe2 Rxe2 19.b4 Bd4 20.Rad1 Bf6 21.Nh3 Rxa2
22.Rd7 Rc2 23.Rxb7 Rxc4 24.Rd1 Bd4 25.Nf4 h6 26.Rd7 Bb6 27.Nd5 Re8 28.Rd3 Rf8
29.Kg2 g6 30.Rb7 Kg7 31.Rd7 Re4 32.Rf3 Re6 33.h4 Re4 34.Rc3 Re6 35.Rc4 Re5
36.Rc6 Rb8 37.Nf4 Kg8 38.h5 g5 39.Nd5 Re2 40.Rf6 Bd4 41.Rfxf7 Rf8 42.Rxf8+ Kxf8
43.Kf3 Rd2 44.Ke4 Bxf2 45.g4 Re2+ 46.Kf3 Rd2 47.b5 Rb2 48.Rd6 Bg1 49.Rxh6 Rxb5
50.Rf6+ Kg7 51.Rg6+ Kf7 52.Rxg5 Bd4 53.Ke4 Bb2 54.Rf5+ Kg7 55.g5 Rb7 56.Nf4 Re7+
57.Kd5 Rf7 58.h6+ Kg8 59.Ke6 Rxf5 60.Kxf5 Kh7 61.Nd5 Bc1 62.Nf6+ Kh8 63.Kg6 a5
64.Ne4 Ba3 65.Kf7 Bc1 66.Kg6 Ba3 67.h7 Bf8 68.Nf6 a4 69.Ng4 Bg7 70.Nh6 Bxh6
71.Kxh6  1-0

[Event "FRA-ch"]
[Site "?"]
[Date "1989.??.??"]
[Round "?"]
[White "Roos, Louis"]
[Black "Giffard, Nicolas"]
[Result "1-0"]
[WhiteElo "2325"]
[BlackElo "2335"]

1.e4 c5 2.Nc3 Nc6 3.Nf3 d6 4.d4 cxd4 5.Nxd4 Nf6 6.Bc4 Qb6 7.Nxc6 bxc6 8.Qe2 e6
9.O-O Be7 10.b3 Nd7 11.Na4 Qd8 12.Bb2 O-O 13.f4 d5 14.Bd3 g6 15.c4 Bf6 16.Rac1 Rb8
17.Kh1 Bxb2 18.Qxb2 dxe4 19.Bxe4 c5 20.Rcd1 Qc7 21.Qf2 f5 22.Bf3 Qxf4 23.Nxc5 Nf6
24.Qe2 Rb6 25.Nd3 Qc7 26.c5 Ra6 27.a4 g5 28.Qe5 Qe7 29.Nb4 g4 30.Bc6 Ra5
31.Rxf5 Rf7 32.Rg5+ Rg7 33.Rxg7+ Kxg7 34.Bb5  1-0

[Event "FRA-chT"]
[Site "?"]
[Date "1989.??.??"]
[Round "?"]
[White "Richard, Alain"]
[Black "Chevallier, Didier"]
[Result "0-1"]
[WhiteElo "2220"]
[BlackElo "2255"]

1.e4 c5 2.Nf3 Nc6 3.Nc3 Nf6 4.d4 cxd4 5.Nxd4 e5 6.Ndb5 d6 7.Bg5 a6 8.Na3 b5
9.Bxf6 gxf6 10.Nd5 f5 11.c3 Bg7 12.exf5 Bxf5 13.Nc2 Ne7 14.Nxe7 Bxc2 15.Qxc2 Qxe7
16.Qf5 Qe6 17.Bd3 d5 18.Qh5 e4 19.Bc2 O-O 20.O-O b4 21.cxb4 Bxb2 22.Rab1 Bg7
23.Bb3 Rad8 24.Rfd1 f5 25.Rbc1 Kh8 26.Rc5 e3 27.Qf3 Bd4 28.Rc2 exf2+ 29.Kf1 Rfe8
30.Rxf2 Bxf2 31.Qxf2 Qe5 32.Qd4 Qxd4 33.Rxd4 Re4 34.Rxd5 Rxd5 35.Bxd5 Rxb4
36.Kf2 Kg7 37.Kf3 Kf6 38.g3 Ke5 39.Bb3 Rd4 40.h3 Rd3+ 41.Kf2 f4 42.gxf4+ Kxf4
43.Be6 a5 44.a4 Rd2+ 45.Kf1 Rd4 46.Bb3 Rd3 47.Be6 Rd4 48.Bb3 Kg3  0-1

[Event "Frankfurt"]
[Site "Frankfurt"]
[Date "1989.??.??"]
[Round "8"]
[White "Gipslis, Aivars"]
[Black "San Segundo, Pablo"]
[Result "1/2-1/2"]
[WhiteElo "2485"]
[BlackElo "2385"]

1.e4 c5 2.Nf3 Nc6 3.Nc3 e6 4.Bb5 Nd4 5.Bd3 Ne7 6.Nxd4 cxd4 7.Ne2 Nc6 8.O-O a6
9.b3 Qb6 10.Bb2 Bc5 11.c3 a5 12.cxd4 Nxd4 13.Nf4 O-O 14.Rc1 d6 15.Qh5 e5
16.Nd5 Qd8 17.Kh1 Be6 18.f4 f6 19.Bc4 Qd7 20.a4 Nc6 21.Rc3 Nb4 22.Rh3  1/2-1/2

[Event "Frunze op"]
[Site "Frunze"]
[Date "1989.??.??"]
[Round "?"]
[White "Yuneev, Alexey"]
[Black "Ilinsky, Vladimir"]
[Result "1/2-1/2"]
[WhiteElo "2345"]
[BlackElo "2340"]

1.e4 c5 2.Nf3 Nc6 3.Nc3 d6 4.d4 cxd4 5.Nxd4 Nf6 6.Bg5 e6 7.Qd2 h6 8.Bxf6 gxf6
9.O-O-O a6 10.f4 h5 11.Kb1 Bd7 12.Be2 Qc7 13.Rhf1 O-O-O 14.Nxc6 Bxc6 15.Qd4 Be7
16.f5 Kb8 17.Bc4 Bd7 18.Bb3 Qc5 19.Ne2 Bb5 20.Rfe1 Qe5 21.Qf2  1/2-1/2

[Event "BL2-W8889"]
[Site "Germany"]
[Date "1989.??.??"]
[Round "?"]
[White "Hirsch, Stefan"]
[Black "Kohlweyer, Bernd"]
[Result "0-1"]
[WhiteElo "2230"]
[BlackElo "2365"]

1.e4 c5 2.Nf3 Nc6 3.Nc3 e6 4.Be2 Nf6 5.O-O d6 6.d4 cxd4 7.Nxd4 Be7 8.Kh1 O-O
9.f4 Bd7 10.Be3 a6 11.Bf3 Rc8 12.Qe1 b5 13.Rd1 Qc7 14.Rd2 Nxd4 15.Bxd4 b4
16.Ne2 e5 17.Be3 Bc6 18.Ng3 g6 19.Qf2 Kg7 20.f5 h6 21.Be2 Qb7 22.Bd3 a5 23.h3 Ra8
24.Qe1 a4 25.Rdf2 Rh8 26.Bd2 Rab8 27.Bc4 g5 28.Qd1 Bxe4 29.Nh5+ Nxh5 30.Qxh5 Bf6
31.Kg1 d5 32.Bd3 Bxd3 33.cxd3 Rbc8 34.Be3 Qb5 35.Rf3 Rc2 36.Rg3 Kf8 37.Bc1 Qc5+  0-1

[Event "BL2-N8889"]
[Site "Germany"]
[Date "1989.??.??"]
[Round "?"]
[White "Eng, Holger"]
[Black "Ahmels, Volker"]
[Result "0-1"]
[WhiteElo "2325"]
[BlackElo "2275"]

1.e4 c5 2.Nf3 Nc6 3.Nc3 e6 4.Bb5 Nge7 5.O-O a6 6.Bxc6 Nxc6 7.d4 cxd4 8.Nxd4 Qc7
9.Be3 Be7 10.f4 d6 11.f5 Ne5 12.fxe6 fxe6 13.Qh5+ Ng6 14.Nce2 Bf6 15.Nf4 Qf7
16.Nxg6 Qxg6 17.Qxg6+ hxg6 18.g3 Bd7 19.Rad1 Rc8 20.c3 Rc4 21.Rfe1 e5 22.Nb3 Rxe4
23.Rxd6 Bg5 24.Bf2 Rxe1+ 25.Bxe1 Be3+ 26.Bf2 Bxf2+ 27.Kxf2 Rxh2+ 28.Ke3 Rxb2
29.Rxg6 Kf7 30.Rd6 Bc6 31.Na5 Bb5 32.c4 Be8 33.a3 Ke7 34.c5 Rb5  0-1

[Event "Gleisdorf"]
[Site "Gleisdorf"]
[Date "1989.??.??"]
[Round "4"]
[White "Horvath, Tamas"]
[Black "Wegerer, Fred"]
[Result "1-0"]
[WhiteElo "2405"]
[BlackElo "2250"]

1.e4 c5 2.Nf3 Nc6 3.Nc3 d6 4.d4 cxd4 5.Nxd4 Nf6 6.Bc4 Qb6 7.Nb3 e6 8.O-O Be7
9.a4 O-O 10.Be3 Qc7 11.Bd3 Nb4 12.Nb5 Qb8 13.f4 Nxd3 14.cxd3 Bd7 15.Nc3 b6
16.g4 Ne8 17.Nd4 Qd8 18.Rc1 g6 19.f5 Bg5 20.Qd2 Bxe3+ 21.Qxe3 Qh4 22.Qg3 Qxg3+
23.hxg3 a6 24.Rc2 h6 25.Rcf2 gxf5 26.gxf5 e5 27.Nc2 Nf6 28.Ne3 Bc6 29.Rc2 Rac8
30.Rfc1 Rb8 31.b4 Kh7 32.Kf2 Rg8 33.b5 axb5 34.Nxb5 Bxb5 35.axb5 Rg7 36.Rc6 Rbg8
37.Rxd6 Ne8 38.Rxb6 Rxg3 39.Rh1 f6 40.Rb7+ R3g7 41.Rxg7+ Rxg7 42.b6 Nd6 43.Nd5 Rf7
44.Rc1 Nb7 45.Nxf6+  1-0

[Event "Gleisdorf"]
[Site "Gleisdorf"]
[Date "1989.??.??"]
[Round "6"]
[White "Horvath, Sandor"]
[Black "Wegerer, Fred"]
[Result "1/2-1/2"]
[WhiteElo "2295"]
[BlackElo "2250"]

1.e4 c5 2.Nf3 Nc6 3.Nc3 d6 4.Bb5 Bd7 5.Bxc6 Bxc6 6.d4 cxd4 7.Qxd4 e6 8.Bg5 Qc7
9.O-O f6 10.Be3 Ne7 11.a4 a6 12.Rfd1 Ng6 13.Qc4 Qc8 14.Qb3 Bd7 15.a5 Ne5
16.Nxe5 fxe5 17.Na4 Qc6 18.Nb6 Rd8 19.Ra4 Be7 20.Rd3 d5 21.exd5 exd5 22.Rxd5 Be6
23.Rxd8+ Bxd8 24.Qc3 Qxc3 25.bxc3 Bxb6 26.Bxb6 Kd7 27.Re4 Kd6 28.c4 Rc8 29.c5+ Kd5
30.f3 Bf5 31.c4+ Ke6 32.Re3 Kf6 33.Kf2 h5 34.h3 g6 35.g4 hxg4 36.hxg4 Bc2
37.Rc3 Ba4 38.Rd3 Bc6 39.Rd6+ Kg7 40.Bd8 Be8 41.Bf6+ Kf7 42.Bxe5 Rxc5 43.Rf6+ Ke7  1/2-1/2

[Event "Gleisdorf"]
[Site "Gleisdorf"]
[Date "1989.??.??"]
[Round "9"]
[White "Horvath, Sandor"]
[Black "Gazik, Igor"]
[Result "1-0"]
[WhiteElo "2295"]
[BlackElo "2390"]

1.e4 c5 2.Nf3 Nc6 3.Nc3 g6 4.d4 cxd4 5.Nxd4 Bg7 6.Be3 Nf6 7.Be2 O-O 8.O-O d6
9.h3 Re8 10.Qd2 Bd7 11.Nb3 Rc8 12.f4 a6 13.a4 Be6 14.Nd4 Nxd4 15.Bxd4 Bc4
16.Rfe1 e5 17.fxe5 dxe5 18.Be3 Qxd2 19.Bxd2 Bf8 20.Bd3 Nd7 21.Nd5 Bxd5 22.exd5 f5
23.c3 e4 24.Bc2 Bc5+ 25.Be3 a5 26.Rad1 Kg7 27.Bxc5 Rxc5 28.Bd3 Rd8 29.Bb5 Nb6
30.d6 Kf6 31.Rd4 Rd5 32.Rxd5 Nxd5 33.c4 Nb4 34.c5 Ke5 35.Rd1 b6 36.c6 Rxd6
37.Rc1 Nd5 38.c7 Ne7 39.c8=Q Nxc8 40.Rxc8 Rd1+ 41.Kh2 Rd2 42.b3 f4 43.Kg1 Rb2
44.Rc7 Rxb3 45.Rxh7 e3 46.Re7+ Kf6 47.Re6+ Kg5 48.h4+ Kxh4 49.Rxg6 Rb1+ 50.Kh2 Rb2
51.Re6 Kg5 52.Kh3 Kf5 53.Re8 Rd2 54.g3 Rf2 55.gxf4 Rf3+ 56.Kg2 Rf2+ 57.Kg3 Rd2
58.Re5+ Kf6 59.Rxe3 Rd1 60.Rc3  1-0

[Event "EU-chT"]
[Site "Haifa"]
[Date "1989.??.??"]
[Round "4"]
[White "Ekstroem, Roland"]
[Black "Gavrilakis, Nikolaos"]
[Result "1-0"]
[WhiteElo "2445"]
[BlackElo "2400"]

1.e4 c5 2.Nc3 Nc6 3.Nge2 d6 4.d4 cxd4 5.Nxd4 Nf6 6.Bg5 e6 7.Qd2 Be7 8.O-O-O O-O
9.Nb3 a6 10.f3 b5 11.Bxf6 gxf6 12.f4 b4 13.Ne2 a5 14.Nbd4 Bb7 15.f5 Nxd4
16.Qxd4 e5 17.Qe3 a4 18.Kb1 Qa5 19.Ng3 b3 20.cxb3 axb3 21.a3 d5 22.exd5 Kh8
23.d6 Rfd8 24.Ba6 Qxa6 25.dxe7 Re8 26.Rd7 Qc6 27.Qd2 Bc8 28.Rd8 Bb7 29.Rc1 Qb6
30.Rd6 Qb5 31.Qh6  1-0

[Event "Helsinki2"]
[Site "Helsinki"]
[Date "1989.??.??"]
[Round "4"]
[White "Durao, Joaquim"]
[Black "Maki, Veijo"]
[Result "1/2-1/2"]
[WhiteElo "2220"]
[BlackElo "2420"]

1.e4 c5 2.Nf3 Nc6 3.Nc3 d6 4.d4 cxd4 5.Nxd4 Nf6 6.f4 g6 7.Nxc6 bxc6 8.e5 Nd7
9.exd6 exd6 10.Qd4 Nf6 11.Be3 Be7 12.O-O-O O-O 13.Be2 d5 14.Na4 Ne4 15.Bf3 Nd6
16.g4 Nc4 17.Bf2 Qa5 18.b3 Bd7 19.Rd3 Rfe8 20.bxc4 Qxa4 21.cxd5 Qxa2 22.d6 Bf8
23.Qc3 Rab8 24.Kd2 Bh6 25.Be3 Rb2 26.Rc1 Rb1 27.Rxb1 Qxb1 28.Bd1 Bg7 29.Qb3 Qa1  1/2-1/2

[Event "Karvina op"]
[Site "Karvina"]
[Date "1989.??.??"]
[Round "9"]
[White "Hadraba, Vladimir"]
[Black "Zpevak, Pavel"]
[Result "1/2-1/2"]
[WhiteElo "2255"]
[BlackElo "2350"]

1.e4 c5 2.Nf3 Nc6 3.Nc3 Nf6 4.d4 cxd4 5.Nxd4 e5 6.Ndb5 d6 7.Bg5 a6 8.Na3 b5
9.Nd5 Be7 10.Bxf6 Bxf6 11.c3 O-O 12.Nc2 Bg5 13.a4 bxa4 14.Rxa4 a5 15.Bc4 Rb8
16.Ra2  1/2-1/2

[Event "Karvina op"]
[Site "Karvina"]
[Date "1989.??.??"]
[Round "12"]
[White "Hadraba, Vladimir"]
[Black "Znamenacek, Kvetoslav"]
[Result "0-1"]
[WhiteElo "2255"]
[BlackElo "2350"]

1.e4 c5 2.Nf3 Nc6 3.Nc3 g6 4.d4 cxd4 5.Nxd4 Bg7 6.Be3 Nf6 7.Bc4 Qa5 8.O-O O-O
9.Nb3 Qc7 10.f4 d6 11.Be2 Rd8 12.Bf3 e5 13.Qe1 Be6 14.Qh4 Bc4 15.Rf2 h6 16.f5 g5
17.Qg3 Nd4 18.Rd1 Nxf3+ 19.Qxf3 b5 20.a3 Rab8 21.Nd2 d5 22.Nxc4 d4 23.Nd5 Nxd5
24.exd5 bxc4 25.Bc1 Rb6 26.h4 f6 27.c3 Rbd6 28.cxd4 Rxd5 29.Rfd2 exd4 30.Qe4 Re5
31.Qg4 d3 32.Rf2 Rde8 33.hxg5 fxg5 34.Rdf1 Re4 35.Qf3 g4 36.Qd1 Bd4 37.Bxh6 Bxf2+
38.Kxf2 Qb6+ 39.Kg3  0-1

[Event "Kecskemet"]
[Site "Kecskemet"]
[Date "1989.??.??"]
[Round "?"]
[White "Delanoy, Arnaud"]
[Black "Lechtynsky, Jiri"]
[Result "1-0"]
[WhiteElo "2340"]
[BlackElo "2430"]

1.e4 c5 2.Nc3 Nc6 3.Nf3 d6 4.d4 cxd4 5.Nxd4 e6 6.Be3 Nf6 7.Be2 Be7 8.O-O O-O
9.f4 Bd7 10.Qe1 a6 11.Qg3 Qc7 12.e5 dxe5 13.fxe5 Nxe5 14.Bf4 Bd6 15.Rad1 Qb8
16.Rd3 Ne8 17.Ne4 Bc7 18.Rc3 Bc6 19.Nxc6 Nxc6 20.Bxc7 Qxc7 21.Nf6+ Kh8 22.Qxc7 Nxc7
23.Nd7 Nd5 24.Rg3 Nd4 25.Bd3 f5 26.Nxf8 Rxf8 27.c3 Nc6 28.Be4 Nde7 29.Bxc6 Nxc6
30.Rd3 Kg8 31.Rd7 Rf7 32.Rfd1 Ne5 33.Rd8+ Rf8 34.Rxf8+ Kxf8 35.Re1 Nd3 36.Rxe6 Nxb2
37.Rb6 Na4 38.Rxb7 Nxc3 39.a3 a5 40.Ra7 a4 41.Kf1 Kg8 42.Ke1 h6 43.Ra5 g6
44.Ra7 Kf8 45.Kf2 f4 46.Kf3 g5 47.Kg4  1-0

[Event "Kehl BM"]
[Site "Kehl"]
[Date "1989.??.??"]
[Round "4"]
[White "Schlenker, Jochen"]
[Black "Kurz, Eugen"]
[Result "0-1"]
[WhiteElo "2240"]
[BlackElo "2230"]

1.e4 c5 2.Nc3 Nc6 3.Bb5 Nd4 4.Nf3 a6 5.Bc4 e6 6.a4 Nf6 7.O-O d5 8.Bd3 Be7
9.Re1 O-O 10.e5 Nxf3+ 11.Qxf3 Nd7 12.Qh3 f5 13.g4 c4 14.Bf1 Bc5 15.Nd1 Bd4
16.gxf5 Rxf5 17.c3 Nxe5 18.Rxe5 Bxe5 19.d4 Bf4 20.Ne3 Qg5+ 21.Bg2 Rf6 22.Kf1 Bd7
23.Bd2 Raf8 24.Ke2 Rh6 25.Qg4 Bxe3 26.Qxg5 Bxg5 27.Bxg5 Rg6 28.h4 h6 29.f4 hxg5
30.fxg5 Rf4 31.Rh1 Bxa4 32.Ke3 Rf8 33.Rg1 Bc2 34.Bh1 Rf5 35.Bf3 Rxf3+ 36.Kxf3 e5
37.dxe5 Re6 38.Kf4 g6 39.Rg2 Be4 40.Rh2 Re8 41.h5 gxh5 42.Rxh5 Kg7 43.Rh6 Bg6
44.Rh2 b6  0-1

[Event "Lillafured"]
[Site "Lillafured"]
[Date "1989.??.??"]
[Round "?"]
[White "Barczay, Laszlo"]
[Black "Polajzer, Danilo"]
[Result "1/2-1/2"]
[WhiteElo "2395"]
[BlackElo "2345"]

1.e4 c5 2.Nf3 Nc6 3.Nc3 Nf6 4.Bb5 g6 5.e5 Ng4 6.Bxc6 dxc6 7.h3 Nh6 8.O-O Bg7
9.d3 O-O 10.Re1 b6 11.b3 Nf5 12.Bb2 Nd4 13.Ne4 a5 14.a4 Ra7 15.Ned2 Be6 16.Nc4 h6
17.Bc3  1/2-1/2

[Event "London NWYM"]
[Site "London"]
[Date "1989.??.??"]
[Round "?"]
[White "Hebden, Mark"]
[Black "Watson, William N"]
[Result "1-0"]
[WhiteElo "2455"]
[BlackElo "2505"]

1.e4 c5 2.Nc3 Nc6 3.Nf3 g6 4.d4 cxd4 5.Nxd4 Bg7 6.Be3 d6 7.Bc4 Nf6 8.h3 O-O
9.O-O Bd7 10.Re1 a6 11.Bb3 b5 12.Nd5 Re8 13.a4 bxa4 14.Bxa4 Nxd5 15.exd5 Ne5
16.b3 Qc7 17.Qd2 Qb7 18.Bxd7 Nxd7 19.Qa5 Rac8 20.Ra2 Rc5 21.Qxa6 Qxd5 22.c4 Qe4
23.Nf3 Rcc8 24.Bd4 Qd3 25.Rd2 Qxb3 26.Rxe7 Nc5 27.Bxc5 dxc5 28.Rdd7 Qb4 29.Kh2 Qb8+
30.g3 Rxe7 31.Rxe7 Re8 32.Rb7 Qc8 33.Qb5 h6 34.Kg2 Rd8 35.Qb6 Bd4 36.Rc7 Qa8
37.Ra7 Qc8 38.h4 Kg7 39.h5 Qb8 40.Qxg6+  1-0

[Event "London WFW"]
[Site "London"]
[Date "1989.??.??"]
[Round "?"]
[White "Watson, William N"]
[Black "Sadler, Matthew"]
[Result "0-1"]
[WhiteElo "2505"]
[BlackElo "2430"]

1.Nc3 c5 2.e4 Nc6 3.Nf3 e5 4.Bc4 d6 5.d3 Be7 6.Nd5 Nf6 7.c3 O-O 8.a3 Rb8
9.b4 b5 10.Bb3 Be6 11.O-O a5 12.Be3 cxb4 13.cxb4 axb4 14.Nxb4 Na5 15.Bxe6 fxe6
16.h3 Qd7 17.Qc2 Rbc8 18.Qa2 h6 19.Rfd1 Nb7 20.Rab1 Nd8 21.Qb3 Rb8 22.Rdc1 Rb7
23.Rc2 Rf7 24.Rbc1 g5 25.Na6 Ne8 26.Rc8 Bf6 27.Nb8 Qe7 28.Bd2 Rc7 29.R1xc7 Nxc7
30.Ba5 d5 31.Bxc7 Qc5 32.Kh2 Rxc7 33.Na6 Rxc8 34.Nxc5 Rxc5 35.Qb4 Be7 36.Nxe5 Bd6
37.d4 Nc6 38.dxc5 Bxe5+ 39.f4 Bxf4+ 40.g3 Nxb4  0-1

[Event "Lugano op"]
[Site "Lugano"]
[Date "1989.??.??"]
[Round "2"]
[White "De Eccher, Stefano"]
[Black "Klinger, Josef"]
[Result "0-1"]
[WhiteElo "2270"]
[BlackElo "2475"]

1.e4 c5 2.Nf3 Nc6 3.Nc3 d6 4.d4 cxd4 5.Nxd4 e5 6.Nxc6 bxc6 7.Bc4 Be7 8.O-O Nf6
9.Qd3 O-O 10.Rd1 Nd7 11.Be3 Nb6 12.Ba6 f5 13.Bxc8 Qxc8 14.f3 Qe6 15.b3 Kh8
16.Ne2 fxe4 17.fxe4 d5 18.Bxb6 axb6 19.exd5 cxd5 20.Qxd5 Bc5+ 21.Kh1 Rf1+  0-1

[Event "Lugano op"]
[Site "Lugano"]
[Date "1989.??.??"]
[Round "7"]
[White "Kunze, Markus"]
[Black "Weindl, Alfred"]
[Result "1-0"]
[WhiteElo "2270"]
[BlackElo "2385"]

1.e4 c5 2.Nf3 Nc6 3.Nc3 d6 4.d4 cxd4 5.Nxd4 Nf6 6.Bc4 e6 7.Be3 Be7 8.Qe2 a6
9.O-O-O Qc7 10.Bb3 O-O 11.g4 Nxd4 12.Rxd4 b5 13.g5 Nd7 14.f4 Nc5 15.f5 Nxb3+
16.axb3 exf5 17.Nd5 Qd7 18.Qh5 fxe4 19.Rxe4 Bd8 20.Rf1 g6 21.Qh6 f5 22.gxf6 Bb7
23.Ne7+ Bxe7 24.Rxe7  1-0

[Event "Lugano op"]
[Site "Lugano"]
[Date "1989.??.??"]
[Round "8"]
[White "Mantovani, Renzo"]
[Black "Klinger, Josef"]
[Result "0-1"]
[WhiteElo "2370"]
[BlackElo "2475"]

1.e4 c5 2.Nf3 Nc6 3.Nc3 d6 4.Bc4 a6 5.d4 b5 6.Bd5 Bd7 7.a4 b4 8.Ne2 e6 9.Bxc6 Bxc6
10.d5 Bb7 11.O-O Nf6 12.dxe6 fxe6 13.Ng5 e5 14.f3 Qd7 15.c3 h6 16.Nh3 a5
17.Nf2 Be7 18.Ng3 O-O 19.c4 Nh7 20.Nf5 Rad8 21.Nxe7+ Qxe7 22.b3 Rf7 23.Ng4 Nf8
24.Ne3 Ne6 25.Nd5 Qf8 26.Be3 g5 27.Qd2 Qg7 28.g3 Qg6 29.Rf2 Rdf8 30.Raf1 Nd4
31.Bxd4 cxd4 32.Qe2 Bc8 33.Kg2 Be6 34.h3 Qh5 35.Rh1 Qg6 36.Rhf1 h5 37.g4 Rc8
38.Re1 Bxd5 39.exd5 Rf4 40.Qc2 Qf6 41.Re4 Rc7 42.Rxf4 gxf4 43.Kf1 Rg7 44.c5 d3
45.Qxd3 Qh4 46.Ke2 Qxh3 47.gxh5 dxc5 48.d6 e4 49.Qxe4 Qxh5 50.Qxf4 Qd5 51.Qc4 Qxc4+
52.bxc4 Kf7 53.Ke3 Ke6 54.Rd2 Rb7 55.Ke4 b3 56.Rb2 Kxd6 57.Kf5 Rb4 58.f4 Rxc4
59.Rxb3 Rxa4 60.Rd3+ Kc6 61.Ke5 Ra1 62.f5 a4 63.f6 a3 64.f7 Rf1 65.Rxa3 Rxf7
66.Ke4 Rd7 67.Ra1 c4 68.Ra5 Kb6 69.Rh5 Rd1  0-1

[Event "Mendrisio op"]
[Site "Mendrisio"]
[Date "1989.??.??"]
[Round "3"]
[White "Delanoy, Arnaud"]
[Black "Pigusov, Evgeny"]
[Result "1/2-1/2"]
[WhiteElo "2340"]
[BlackElo "2560"]

1.e4 c5 2.Nc3 Nc6 3.Nf3 g6 4.d4 cxd4 5.Nxd4 Bg7 6.Be3 Nf6 7.Nxc6 bxc6 8.e5 Nd5
9.Nxd5 cxd5 10.Qxd5 Rb8 11.Bxa7 Rxb2 12.Bd4 Rb8 13.Bc4 O-O 14.O-O d6 15.Rab1 Be6
16.Rxb8 Qxb8 17.Qb5 Qxb5 18.Bxb5 dxe5 19.Be3 Bxa2 20.c4 e4 21.Rd1 Be5 22.g3 e6
23.Rd7 Rc8 24.Bh6 f5 25.Rd2 Ra8 26.Bc6 Ra7 27.Rd8+ Kf7 28.Rf8+ Ke7 29.Re8+ Kf7
30.Rf8+ Ke7  1/2-1/2

[Event "URS-ch sf"]
[Site "Moscow"]
[Date "1989.??.??"]
[Round "?"]
[White "Nikolenko, Oleg"]
[Black "Lanka, Zigurds"]
[Result "1/2-1/2"]
[WhiteElo "2405"]
[BlackElo "2420"]

1.e4 c5 2.Ne2 Nc6 3.Nbc3 d6 4.d4 cxd4 5.Nxd4 Nf6 6.Bg5 e6 7.Qd2 a6 8.O-O-O h6
9.Be3 Be7 10.f3 Qc7 11.h4 Ne5 12.Kb1 Nfd7 13.Qf2 b5 14.Qg3 b4 15.Na4 Bf6
16.b3 Bb7 17.Qe1 Rb8 18.Be2 Nc5 19.Nb2 g6 20.Qxb4 Bxe4 21.Qd2 Bd5 22.c4 Ba8
23.Bxh6 Ned7 24.Bg5 Be5 25.Be3 Nb6 26.Nc2 Nca4 27.Nxa4 Nxa4 28.Bd4 Nc5 29.Bxe5 dxe5
30.Qd6 Qxd6 31.Rxd6 g5 32.h5 Ke7  1/2-1/2

[Event "Novi Sad op"]
[Site "Novi Sad"]
[Date "1989.??.??"]
[Round "8"]
[White "Mujagic, Ramo"]
[Black "Galliamova, Alisa"]
[Result "0-1"]
[WhiteElo "2265"]
[BlackElo "2370"]

1.e4 c5 2.Nf3 Nc6 3.Nc3 Nf6 4.d4 cxd4 5.Nxd4 d6 6.Be2 e5 7.Nb3 Be7 8.O-O O-O
9.Kh1 a5 10.a4 Nb4 11.f4 b6 12.Bf3 Bb7 13.Be3 Rb8 14.Rf2 Bc6 15.Rd2 Qc8 16.Qe2 Qb7
17.fxe5 dxe5 18.Bg1 Rfe8 19.Re1 Na6 20.Nb5 Bxb5 21.axb5 Nc7 22.c3 Ne6 23.g3 Qc7
24.Na1 Bc5 25.Nc2 Bxg1 26.Rxg1 Qc5 27.h4 Nc7 28.Na3 Re6 29.Rgd1 Nfe8 30.Bg4 Rf6
31.Kg2 Nd6 32.Bd7 Rg6 33.Bc6 Nde8 34.Nc2 Ne6 35.Kh2 Nf6 36.Rf1 Rd8 37.Kh3 Rxd2
38.Qxd2 Nh5 39.Rf3 Qg1 40.Qh2 Nef4+  0-1

[Event "Kotov mem"]
[Site "Odessa"]
[Date "1989.??.??"]
[Round "?"]
[White "Zhelnin, Vladimir V"]
[Black "Krasenkow, Michal"]
[Result "0-1"]
[WhiteElo "2320"]
[BlackElo "2530"]

1.e4 c5 2.Nc3 Nc6 3.Nge2 Nf6 4.g3 d5 5.exd5 Nxd5 6.Bg2 Nc7 7.d3 e5 8.O-O Be7
9.f4 exf4 10.Nxf4 O-O 11.Be3 Ne6 12.Nfd5 Bg5 13.Qd2 Bxe3+ 14.Qxe3 Kh8 15.Rf2 f6
16.Raf1 Ne5 17.h3 Ng6 18.Kh2 Bd7 19.Ne4 Rc8 20.Nd6 Rb8 21.c3 b6 22.a3 Nc7
23.Nxc7 Qxc7 24.Ne4 Rfe8 25.Qd2 Rbd8 26.Qc2 Bb5 27.Rd1 Nh4 28.Bf1 f5 29.Rf4 fxe4
30.Rxh4 exd3 31.Bxd3 Re3 32.Rxh7+ Kg8 33.Qb3+ c4 34.Qxb5 Qxg3+ 35.Kh1 Re1+
36.Rxe1 Qxe1+ 37.Kg2 Qd2+ 38.Kh1 Qxd3 39.Rxg7+ Kxg7 40.Qg5+ Kf7  0-1

[Event "Pancevo"]
[Site "Pancevo"]
[Date "1989.??.??"]
[Round "6"]
[White "Markovic, V."]
[Black "Kovacevic, Predrag"]
[Result "1/2-1/2"]
[WhiteElo "2300"]
[BlackElo "2405"]

1.e4 c5 2.Nc3 Nc6 3.Nf3 e5 4.Bb5 d6 5.O-O a6 6.Bxc6+ bxc6 7.Ne2 Bg4 8.Ng3 g6
9.h3 Be6 10.c3 Bg7 11.b3 Qb6 12.d3 Ne7 13.Be3 Qa5 14.Qc1 f5 15.Ng5 Bd7 16.f4 O-O
17.Ne2 Rae8 18.a3 Qb5 19.Qc2 h6 20.Nf3 exf4 21.Nxf4 a5 22.b4 c4 23.a4 Qa6
24.b5 cxb5 25.axb5 Qxb5 26.Nd4 Qe5 27.Qa2 fxe4 28.dxc4 a4 29.c5+ Kh7 30.c6 Nxc6
31.Qxa4 Nxd4 32.cxd4 Bxa4 33.dxe5 dxe5 34.Nd5 Rxf1+ 35.Kxf1 Bb5+ 36.Ke1 Rf8
37.Ra7 g5 38.Nc7 Bc4 39.g4 Rf3 40.Kd2 Kg6 41.Ra4 Bd3 42.Ne6 Bf8 43.Nxf8+ Rxf8
44.Rb4 Rf6 45.Ke1 Rf3 46.Rb6+ Kf7 47.Kd2 Rxh3 48.Rb7+ Ke6 49.Rh7 Kd5 50.Bxg5 Rh2+
51.Kd1 Be2+ 52.Kc1 Bxg4 53.Rxh6 Re2 54.Rg6 Bf3 55.Rf6 Rg2 56.Be3 Kc4 57.Bb6 Kb3
58.Ba7 Rc2+ 59.Kb1 Re2 60.Rb6+ Kc4 61.Rc6+ Kd5 62.Rc3 Rg2 63.Kc1 Ra2 64.Be3 Ke6
65.Rc6+ Kf5 66.Rc5 Ra1+ 67.Kc2 Rd1 68.Bd2 Ke6 69.Bc3 Rd4 70.Bxd4 exd4 71.Rg5 Be2
72.Kd2 Bc4 73.Ke1 Kd6 74.Kf2 Bd5 75.Rh5 Kc5 76.Re5 Kd6 77.Rg5 Bb3 78.Ke2 Ke6
79.Rh5 Kf6 80.Rc5 Ke6 81.Rg5 Bc2 82.Kd2 Bd3 83.Rh5 Kd6 84.Rg5 Bc4 85.Rh5 e3+
86.Kc2 Be2 87.Rh8 Bb5 88.Rh5 d3+ 89.Kc3 d2 90.Rh1 Bf1 91.Rxf1 e2 92.Rf6+ Ke5  1/2-1/2

[Event "Pancevo"]
[Site "Pancevo"]
[Date "1989.??.??"]
[Round "8"]
[White "Markovic, V."]
[Black "Peev, Peicho Chonev"]
[Result "0-1"]
[WhiteElo "2300"]
[BlackElo "2385"]

1.e4 c5 2.Nc3 Nc6 3.Nge2 g6 4.g3 Bg7 5.Bg2 e6 6.O-O Nge7 7.d3 O-O 8.Be3 Nd4
9.Qd2 d6 10.f4 f5 11.Rae1 Rb8 12.a3 Bd7 13.Nc1 Kh8 14.Nd1 b6 15.b3 Ndc6 16.b4 Qc7
17.b5 Na5 18.c4 d5 19.exd5 exd5 20.Bf2 Qd6 21.Qc2 Rfe8 22.Ne3 Be6 23.Re2 dxc4
24.Nxc4 Nxc4 25.dxc4 Rbd8 26.Rfe1 Bf7 27.Nb3 Ng8 28.Rxe8 Bxe8 29.Be3 Bf7
30.Bf2 Nf6 31.h3 h5 32.a4 h4 33.gxh4 Qxf4 34.Nxc5 bxc5 35.b6 axb6 36.a5 Ne4
37.Be3 Qg3 38.Bf2 Nxf2 39.Qxf2 Bd4  0-1

[Event "Paris op-1"]
[Site "Paris"]
[Date "1989.??.??"]
[Round "?"]
[White "Hebden, Mark"]
[Black "Kempinski, Andre"]
[Result "1-0"]
[WhiteElo "2470"]
[BlackElo "1920"]

1.e4 c5 2.Nc3 Nc6 3.Nf3 Nf6 4.Bb5 Qc7 5.O-O a6 6.Bxc6 Qxc6 7.d4 cxd4 8.Nxd4 Qc7
9.Bg5 e6 10.Re1 Bb4 11.e5 Bxc3 12.bxc3 Nd5 13.Nf5 exf5 14.Qxd5 h6 15.Qd6 Qxd6
16.exd6+ Kf8 17.Bd8 b5 18.Re7 Kg8 19.Bb6 Bb7 20.Rxd7 Bd5 21.Re7 Kh7 22.d7 Be6
23.Rd1 Rhd8 24.Bxd8 Rxd8 25.Rd6 a5 26.Re8  1-0

[Event "Paris op-1"]
[Site "Paris"]
[Date "1989.??.??"]
[Round "?"]
[White "Kosten, Anthony C"]
[Black "Badii, Madjid"]
[Result "1-0"]
[WhiteElo "2505"]
[BlackElo "2230"]

1.e4 c5 2.Nc3 Nc6 3.Nf3 d6 4.d4 cxd4 5.Nxd4 Nf6 6.Bg5 e6 7.Qd2 a6 8.O-O-O h6
9.Be3 Bd7 10.f4 b5 11.Bd3 Nxd4 12.Bxd4 Bc6 13.Rhe1 Be7 14.Kb1 O-O 15.g4 Nd7
16.Be3 e5 17.f5 b4 18.Ne2 Nf6 19.Rg1 Nxe4 20.Bxe4 Bxe4 21.Ng3 Bc6 22.Nh5 Kh7
23.g5 Bf3 24.gxh6 Bxh5 25.hxg7 Rg8 26.Qg2 Bh4 27.Qe4 Bf6 28.Rg3 Rxg7 29.Rh3 Kg8
30.Rxh5 Rc8 31.Bh6 Rh7 32.Rg1+ Kh8 33.Bg7+ Bxg7 34.Rxh7+ Kxh7 35.f6+ Kg8
36.Rxg7+ Kf8 37.Qh4  1-0

[Event "Paris-ch"]
[Site "Paris"]
[Date "1989.??.??"]
[Round "5"]
[White "Apicella, Manuel"]
[Black "Giffard, Nicolas"]
[Result "1-0"]
[WhiteElo "2400"]
[BlackElo "2345"]

1.e4 c5 2.Nf3 Nc6 3.Nc3 d6 4.d4 cxd4 5.Nxd4 Nf6 6.Bc4 Qb6 7.Nb3 e6 8.O-O Be7
9.Be3 Qc7 10.Bd3 O-O 11.f4 Nb4 12.g4 e5 13.f5 d5 14.g5 Nxe4 15.Nxe4 dxe4
16.Bxe4 g6 17.f6 Bd6 18.Qe1 Re8 19.c3 Nc6 20.Qh4 Nd8 21.Rf3 Bf8 22.Rd1 Be6
23.Rd2 a5 24.Nc1 Ra6 25.Nd3 Rd6 26.Nf2 Rxd2 27.Bxd2 Qd7 28.Be3 Bxa2 29.Rh3 h5
30.gxh6 Kh7 31.Rg3 Be6 32.Rg5 Bd6 33.Qg3 Rg8 34.h4 Bf8 35.h5 Bf5 36.Bxf5 Qxf5
37.Rxf5 gxf5 38.Bg5 Ne6 39.Qxe5 Rxg5+ 40.Kf1 b6 41.Qb5 Rxh5 42.Qxb6 f4 43.Qa7 Kg6
44.h7 Bc5 45.Qxa5 Rxh7 46.Qa4 Rh5 47.Qe4+ Kxf6 48.Ng4+ Kg5 49.Ne5 Be3 50.Nxf7+ Kf6
51.Nd6 Rg5 52.Nc4 Rg1+ 53.Ke2 Rg3 54.Qe5+ Ke7 55.Nd6 Rg2+ 56.Kf3 Rg3+ 57.Ke4 Kd7
58.Nf5 Rg6 59.Qd6+  1-0